KPF : (Record no. 352406)
[ view plain ]
| 000 -LEADER | |
|---|---|
| fixed length control field | 00800 a2200253 4500 |
| 003 - CONTROL NUMBER IDENTIFIER | |
| control field | OSt |
| 005 - DATE AND TIME OF LATEST TRANSACTION | |
| control field | 20260129104749.0 |
| 008 - FIXED-LENGTH DATA ELEMENTS--GENERAL INFORMATION | |
| fixed length control field | 120419t xxu||||| |||| 00| 0 eng d |
| 010 ## - LIBRARY OF CONGRESS CONTROL NUMBER | |
| LC control number | 00501471 |
| 020 ## - INTERNATIONAL STANDARD BOOK NUMBER | |
| International Standard Book Number | 1875498583 |
| 035 ## - SYSTEM CONTROL NUMBER | |
| System control number | (OCoLC)ocm38817149 |
| 040 ## - CATALOGING SOURCE | |
| Transcribing agency | 0 |
| 082 00 - DEWEY DECIMAL CLASSIFICATION NUMBER | |
| Classification number | 720.922 |
| 245 00 - TITLE STATEMENT | |
| Title | KPF : |
| Remainder of title | selected and current works. |
| 246 18 - VARYING FORM OF TITLE | |
| Title proper/short title | Kohn Pedersen Fox |
| 260 ## - PUBLICATION, DISTRIBUTION, ETC. | |
| Place of publication, distribution, etc. | Mulgrave, Vic. : |
| Name of publisher, distributor, etc. | Images Pub. Group, |
| Date of publication, distribution, etc. | 1997. |
| 300 ## - PHYSICAL DESCRIPTION | |
| Extent | 255 p. : |
| Other physical details | ill. (some col.) ; |
| Dimensions | 31 cm. |
| 440 #0 - SERIES STATEMENT/ADDED ENTRY--TITLE | |
| Title | Master architect series II ; |
| Volume/sequential designation | 10 |
| 9 (RLIN) | 32508 |
| 500 ## - GENERAL NOTE | |
| General note | Includes index. |
| 610 20 - SUBJECT ADDED ENTRY--CORPORATE NAME | |
| Corporate name or jurisdiction name as entry element | Kohn Pedersen Fox (Firm) |
| 9 (RLIN) | 32509 |
| 650 #0 - SUBJECT ADDED ENTRY--TOPICAL TERM | |
| Topical term or geographic name entry element | Architectural practice, International. |
| 9 (RLIN) | 32443 |
| 942 ## - ADDED ENTRY ELEMENTS (KOHA) | |
| Institution code [OBSOLETE] | SADA |
| Koha item type | Book |
| Call number prefix | 720.922 MAS 1997 |
| Source of classification or shelving scheme | |
| Withdrawn status | Lost status | Source of classification or shelving scheme | Damaged status | Not for loan | Permanent Location | Current Location | Date acquired | Full call number | Barcode | Date last seen | Cost, replacement price | Price effective from | Koha item type |
|---|---|---|---|---|---|---|---|---|---|---|---|---|---|
| School of Art Design and Architecture (SADA) | School of Art Design and Architecture (SADA) | 09/29/2010 | 720.922 MAS 1997 | SADA0000282 | 08/05/2011 | 5912.00 | 08/05/2011 | Book |
